00389 a2200109 4500001000900000005001700009008004100026245008000067100002200147773009300169999001700262ART_483720260410161825.0260409a 10aAlternativa del cambio de la seguridad social en los países en desarrollo1 aMoles, Ricardo R.0 tRevista de trabajogTemas de seguridad social - Año 3, Nº 9 (ene./mar. 1996)wREV4713 c22689d22689